Pays ayant gagné la coupe du monde – Mort subite - Statistiques

Statistiques générales
  • Ce quiz a été pris 251 fois
  • Le résultat moyen est 7 sur 8
Answers on the Grid
Answers color-coded by a green-red scale on the quiz's grid according to % correct below.
Uruguay
Brésil
France
Espagne
Italie
Angleterre
Argentine
Allemagne
Portugal
Paraguay
Mexique
États-Unis
Pays-Bas
Belgique
Écosse
URSS
Sénégal
Suède
Hongrie
Maroc
 
Statistiques - réponses
Réponse % Correct
France
92%
Argentine
90%
Allemagne
88%
Italie
87%
Brésil
86%
Espagne
84%
Uruguay
82%
Angleterre
79%
Aucun quiz correspondant
Distribution des résultats
% des personnes avec chaque résultat
Percentile par nombre de réponses
Votre historique - résultats
Vous n’avez pas pris ce quiz